Loading...
| Current Events | 2 | 10.00 | 100% | 0% | 0% |
| Fine Arts - Classical Music | 5 | 18.00 | 100% | 80% | 0% |
| Fine Arts - Other Fine Arts | 6 | 16.67 | 100% | 50% | 17% |
| Geography | 2 | 15.00 | 100% | 50% | 0% |
| History - American History | 5 | 24.00 | 80% | 80% | 80% |
| History - European History | 7 | 18.57 | 100% | 57% | 29% |
| History - Other History | 4 | 15.00 | 100% | 50% | 0% |
| History - World History | 7 | 22.86 | 86% | 100% | 43% |
| Literature - American Literature | 4 | 17.50 | 100% | 50% | 25% |
| Literature - British Literature | 8 | 12.50 | 88% | 38% | 0% |
| Literature - European Literature | 8 | 16.25 | 100% | 63% | 0% |
| Literature - World Literature | 2 | 10.00 | 100% | 0% | 0% |
| Mythology | 7 | 21.43 | 86% | 100% | 29% |
| Painting/Sculpture | 5 | 18.00 | 80% | 80% | 20% |
| Philosophy | 4 | 12.50 | 100% | 25% | 0% |
| Pop Culture | 5 | 20.00 | 80% | 60% | 60% |
| Religion | 10 | 12.00 | 90% | 20% | 10% |
| Science - Biology | 5 | 16.00 | 100% | 60% | 0% |
| Science - Chemistry | 5 | 20.00 | 100% | 80% | 20% |
| Science - Other Science | 3 | 20.00 | 100% | 100% | 0% |
| Science - Physics | 4 | 22.50 | 75% | 75% | 75% |
| Social Science | 3 | 10.00 | 100% | 0% | 0% |